Democracy In Nigeria (Record no. 3259)

MARC details
000 -LEADER
fixed length control field 00320nam a22001337a 4500
008 - FIXED-LENGTH DATA ELEMENTS--GENERAL INFORMATION
fixed length control field 250429b |||||||| |||| 00| 0 eng d
020 ## - INTERNATIONAL STANDARD BOOK NUMBER
ISBN 14026279
100 ## - MAIN ENTRY--AUTHOR
Author Kato Cecilia D.
245 ## - TITLE STATEMENT
Title Democracy In Nigeria
260 ## - PUBLICATION, DISTRIBUTION, ETC. (IMPRINT)
Place of publication Sweden
Name of publisher International Idea
Date of publication 2000
300 ## - COLLATION
Pagination 379p.
942 ## - ADDED ENTRY ELEMENTS (KOHA)
Item type Books
050 ## - LIBRARY OF CONGRESS CALL NUMBER
Classification number JC 421
Item number .K38
Holdings
Source of classification or shelving scheme Not for loan Permanent location Current location Date acquired Accession No. Full call number Barcode. Koha item type
Dewey Decimal Classification   Samuel Ogbemudia Main Library, University of Abuja Samuel Ogbemudia Main Library, University of Abuja 04/29/2025 2005-27144 JC 421.K38 2025-1712 Books